Normal view MARC view

Entry Topical Term

Number of records used in: 1

001 - CONTROL NUMBER

  • control field: 254321

003 - CONTROL NUMBER IDENTIFIER

  • control field: OSt

005 - DATE AND TIME OF LATEST TRANSACTION

  • control field: 20260210153954.0

008 - FIXED-LENGTH DATA ELEMENTS

  • fixed length control field: 260210|| aca||aabn | a|a d

040 ## - CATALOGING SOURCE

  • Original cataloging agency: OSt
  • Transcribing agency: OSt

150 ## - HEADING--TOPICAL TERM

  • Topical term or geographic name entry element: jAnapada

670 ## - SOURCE DATA FOUND

  • Source citation: Work cat.: (OSt)142832: BANNANJE BABU AMIN ಬನ್ನಂಜೆ ಬಾಬು ಅಮೀನ್ 254319, Tulu janapada acharanegalu, 2006